Particulars of sale (Record no. 116436)
[ view plain ]
| 000 -LEADER | |
|---|---|
| fixed length control field | 00950cam a22002175a 4500 |
| 001 - CONTROL NUMBER | |
| control field | L140701 |
| 008 - FIXED-LENGTH DATA ELEMENTS--GENERAL INFORMATION | |
| fixed length control field | 071005s1936 xxk eng u |
| 035 ## - SYSTEM CONTROL NUMBER | |
| System control number | (Sirsi) u140701 |
| 041 0# - LANGUAGE CODE | |
| Language code of text/sound track or separate title | eng |
| 110 2# - MAIN ENTRY--CORPORATE NAME | |
| Corporate name or jurisdiction name as entry element | Walker, Walton and Hanson |
| 9 (RLIN) | 5375 |
| 245 02 - TITLE STATEMENT | |
| Title | Particulars of sale |
| Remainder of title | a substantial freehold country residence 'Cloverlands' Kimberley, near Nottingham, a valuable freehold mixed farm Knowle Park Farm, Kimberley and a freehold ground rent, Nottingham to be sold by auction at the Black Boy Hotel, Nottingham on Wednesday 22nd July 1936... |
| 260 ## - PUBLICATION, DISTRIBUTION, ETC. | |
| Place of publication, distribution, etc. | S.l. |
| Name of publisher, distributor, etc. | s.n. |
| Date of publication, distribution, etc. | [1936] |
| Place of manufacture | (Nottingham |
| Manufacturer | Walter Black and Co.) |
| 300 ## - PHYSICAL DESCRIPTION | |
| Extent | 1 v. |
| Other physical details | ill., col. map |
| Dimensions | 32 cm. |
| 340 ## - PHYSICAL MEDIUM | |
| Material base and configuration | Printed |
| 351 ## - ORGANIZATION AND ARRANGEMENT OF MATERIALS | |
| Hierarchical level | Single item |
| 500 ## - GENERAL NOTE | |
| General note | Includes plans of Cloverlands and Knowle Park Farm |
| 500 ## - GENERAL NOTE | |
| General note | Title from cover. |
| 651 4# - SUBJECT ADDED ENTRY--GEOGRAPHIC NAME | |
| Geographic name | Nottinghamshire |
| 690 ## - LOCAL SUBJECT ADDED ENTRY--TOPICAL TERM (OCLC, RLIN) | |
| Topical term or geographic name as entry element | PROPERTY-PROPERTY ACQUISITION AND DISPOSAL-ACQUISITION AND DISPOSAL AT AUCTION |
| 942 ## - ADDED ENTRY ELEMENTS (KOHA) | |
| Suppress in OPAC | 0 |
| Withdrawn status | Lost status | Source of classification or shelving scheme | Damaged status | Not for loan | Home library | Current library | Shelving location | Date acquired | Total Checkouts | Full call number | Barcode | Date last seen | Copy number | Price effective from | Koha item type |
|---|---|---|---|---|---|---|---|---|---|---|---|---|---|---|---|
| Dewey Decimal Classification | London | London | Basement | 05/10/2007 | BASEMENT BOX 1 | 140701-1001 | 06/08/2019 | 1 | 06/08/2019 | Archive |